000 00860nam a2200205 a 4500
001 15234
003 CO-ViMGA
008 141112s2004 ck r 000 u spa d
020 _a9589288642
040 _aCO-ViMGA
_bspa
_cCO-ViMGA
082 0 4 _a347.9 S651
100 1 _aSolano Sierra, Jairo Enrique
245 1 0 _aLos recursos procesales - Diversas ramas del derecho :
_bordinarios, extraordinarios, comentarios, legislación, doctrina, jurisprudencia, teorico práctico , aspectos contraversiales
260 _aBogotá,
_cDoctrina y Ley,
_c1996
300 _a489.p.
505 _aProcedimiento civil Jurisdiccion penal Procedimiento laboral Derecho procesal y administrativo Procedimiento de jurisdiccion coactiva Derecho procesal de policia Derecho canonico
650 1 4 _aDERECHO PROCESAL
_93881
650 1 4 _aRECURSOS PROCESALES
_922114
942 _2ddc
_cBK
999 _c25600
_d25600